| 000 | 00825nam a22002535i 4500 | ||
|---|---|---|---|
| 001 | 169127 | ||
| 003 | ES-MaACL | ||
| 005 | 20250902082315.0 | ||
| 008 | 080819s2006 sp |||| | spa d | ||
| 017 | _aM-34.154-2006 | ||
| 020 | _a84-9732-509-5 | ||
| 080 | _a334.012.46:657 | ||
| 100 | 1 |
_aMoreno Aragoneses, Julio _983326 |
|
| 245 | 1 | 0 |
_aGestión de entidades no lucrativas / _cJulio Moreno Aragoneses. |
| 260 |
_aMadrid : _bThomson-Paraninfo, _c2006. |
||
| 300 |
_aXVI, 267 p. ; _c24 cm. |
||
| 490 | 1 | _aColección negocios | |
| 500 | _aÍndices. | ||
| 504 | _aBibliografía. | ||
| 650 | 1 | 4 |
_aOrganizaciones no lucrativas- _xContabilidad. _9138191 |
| 830 | 0 | 0 |
_aColección negocios _9222790 |
| 852 | 4 |
_aES-MaACL _jL-29520 _9R.143522 _z- Dedicatoria autógrafa del autor. |
|
| 999 |
_c169127 _d169127 |
||